000 01216nam a2200325 i 4500
003 EG-GICUC
005 20260121101350.0
008 251126s2013 ua ||||fr|||| 00| 0 ara d
017 _a2012/17678
020 _a9789770471296
040 _a EG-GICUC
_bara
_c EG-GICUC
_d EG-GICUC
_erda
041 0 _aara
082 0 4 _221
_a343.435
_bم ح . أ
092 0 4 _221
099 _aLaw1 10 343.435 م ح . أ 2013
100 0 _aمحمد عزت
_eمؤلف.
245 1 2 _aالإرهاب نحو نظرية عامة للحماية الجنائية للملاحة البحرية من الإرهاب البحرى :
_b"دراسة مقارنة" /
_cالدكتور محمد عزت.
264 1 _aالقاهرة :
_bدار النهضة العربية،
_c2013.
300 _a948 صفحة ؛
_c24 سم.
336 _2rda content
_atext
337 _2rda media
_aComputer
338 _2rda carrier
_aOnline Resource
504 _a. 899-940 ببليوجرافيا: صفحات
546 _aالنص باللغة العربية
650 1 4 _aالإرهاب
650 1 4 _aالقانون الجنائي
856 4 0 _uhttps://fll.law.cu.edu.eg/fulltext/bks/B10-06212.pdf
905 _a77
_eHassnaa
942 _2ddc
_cBK
_e21
_n0
999 _c46348
_d46348